[Event "25th Hoogeveen op"]
[Site "Hoogeveen NED"]
[Date "2022.10.18"]
[Round "4.1"]
[White "De Boer, Eelke"]
[Black "Moroni, Luca jr"]
[Result "1-0"]
[WhiteElo "2295"]
[BlackElo "2573"]
[EventDate "2022.10.15"]
[PlyCount "101"]

1.e4 g6 2.d4 Bg7 3.Nc3 a6 4.Be3 b5 5.Qd2 Bb7 6.f3 d5 7.e5 c5 8.f4 cxd4 9.
Bxd4 Nc6 10.Nf3 Nxd4 11.Nxd4 e6 12.a4 b4 13.Nd1 Bf8 14.Nf2 Rc8 15.a5 Qc7 
16.Nd3 Qc4 17.Nc1 Qc5 18.Ncb3 Qa7 19.Ra4 Nh6 20.Rxb4 Bxb4 21.Qxb4 Nf5 22.
Nxf5 gxf5 23.Nd4 Rg8 24.c3 Qb8 25.Kf2 Qc7 26.Be2 Rb8 27.g3 Bc8 28.Qa3 Bb7 
29.Bh5 Qe7 30.b4 Kf8 31.Re1 Kg7 32.Re3 Ba8 33.Be2 Qa7 34.Qb2 Rgc8 35.Qd2 
Kh8 36.h3 Rc4 37.Bxc4 dxc4 38.Ne2 Qb7 39.Qd6 Re8 40.Ke1 Kg7 41.g4 fxg4 42.
hxg4 Re7 43.Qd8 Qh1+ 44.Kd2 Ra7 45.Qf6+ Kg8 46.Qd8+ Kg7 47.f5 Be4 48.Qf6+ 
Kg8 49.Qd8+ Kg7 50.f6+ Kh6 51.Qd4 1-0

[Event "25th Hoogeveen op"]
[Site "Hoogeveen NED"]
[Date "2022.10.18"]
[Round "4.2"]
[White "Bharath, Subramaniyam H"]
[Black "Elgersma, Onno"]
[Result "1-0"]
[WhiteElo "2495"]
[BlackElo "2309"]
[EventDate "2022.10.15"]
[PlyCount "127"]

1.e4 c6 2.Nc3 d5 3.Nf3 dxe4 4.Nxe4 Nf6 5.Qe2 Nxe4 6.Qxe4 Nd7 7.d4 Nf6 8.
Qf4 g6 9.Bd3 Bg7 10.O-O O-O 11.Re1 Bg4 12.Ne5 Be6 13.Qh4 Qb6 14.c3 c5 15.
Nf3 Bd5 16.dxc5 Qxc5 17.Be3 Qd6 18.Nd4 a6 19.Bf1 Rad8 20.Nb3 Bxb3 21.axb3 
Qd5 22.b4 Qf5 23.Qf4 Qxf4 24.Bxf4 e6 25.Ra5 Rd5 26.c4 Rd4 27.Be3 Rd7 28.
Be2 Rc8 29.b5 axb5 30.Rxb5 Ne4 31.Rc1 Nd6 32.Rd1 Rcd8 33.Ra5 Nf5 34.Rxd7 
Rxd7 35.Ra8+ Bf8 36.Bc5 Nd6 37.h4 Kg7 38.Bd4+ f6 39.Bxf6+ Kf7 40.Be5 Nf5 
41.Rb8 Bc5 42.Rh8 Rd2 43.Rxh7+ Kg8 44.Rh8+ Kf7 45.Rh7+ Kg8 46.Rc7 b6 47.
Kf1 Bd4 48.Bxd4 Nxd4 49.Rd7 Rxe2 50.Rxd4 Rxb2 51.Rd7 Kf8 52.Rb7 Rb4 53.c5 
bxc5 54.Rxb4 cxb4 55.Ke2 Ke7 56.Kd3 Kf6 57.Kc4 Kf5 58.Kxb4 Kg4 59.Kc5 Kxh4
60.Kd6 Kg4 61.Kxe6 Kf4 62.Kf6 g5 63.g3+ Kg4 64.Kg6 1-0

[Event "25th Hoogeveen op"]
[Site "Hoogeveen NED"]
[Date "2022.10.18"]
[Round "4.3"]
[White "Hummel, Paul"]
[Black "Zwirs, Nico"]
[Result "0-1"]
[WhiteElo "2120"]
[BlackElo "2481"]
[EventDate "2022.10.15"]
[PlyCount "74"]

1.d4 d5 2.c4 e6 3.Nc3 Nf6 4.cxd5 exd5 5.Bg5 c6 6.e3 h6 7.Bh4 Be7 8.Bd3 O-O
9.Nge2 Re8 10.O-O a5 11.Qc2 Nbd7 12.Rae1 b5 13.f3 Nb6 14.Bf2 Bd7 15.h3 b4 
16.Nb1 Rc8 17.e4 dxe4 18.fxe4 c5 19.Ba6 Rc7 20.d5 Bd6 21.Nd2 Qb8 22.b3 a4 
23.Bh4 Nh7 24.Bd3 Nf8 25.Nc1 Ng6 26.Bf2 Qd8 27.Nc4 Nxc4 28.Bxc4 Qg5 29.Be3
Qg3 30.Rf2 axb3 31.axb3 Bxh3 32.Kf1 Bg4 33.Be2 Bxe2+ 34.Rexe2 Qh4 35.Rf3 
Qh1+ 36.Bg1 Bh2 37.Rh3 Qxg1# 0-1

[Event "25th Hoogeveen op"]
[Site "Hoogeveen NED"]
[Date "2022.10.18"]
[Round "4.4"]
[White "Shakhverdian, William"]
[Black "Hovhannisyan, Robert"]
[Result "0-1"]
[WhiteElo "2123"]
[BlackElo "2601"]
[EventDate "2022.10.15"]
[PlyCount "80"]

1.d4 Nf6 2.c4 e6 3.Nf3 Bb4+ 4.Bd2 Qe7 5.Nc3 O-O 6.e3 b6 7.Bd3 Bb7 8.Qe2 d5
9.a3 Bd6 10.e4 dxe4 11.Nxe4 Nxe4 12.Bxe4 Bxe4 13.Qxe4 Nd7 14.O-O c5 15.
Rfd1 Rad8 16.Bc3 Rfe8 17.Rd2 f5 18.Qe2 Nf6 19.dxc5 Bxc5 20.Rxd8 Rxd8 21.
Bxf6 Qxf6 22.Re1 Bd4 23.b3 e5 24.g3 e4 25.Nxd4 Qxd4 26.Qh5 Qd2 27.Qe2 Kf7 
28.b4 Qxe2 29.Rxe2 Rd3 30.c5 bxc5 31.bxc5 Ke6 32.g4 g6 33.gxf5+ gxf5 34.
Rc2 Kd7 35.c6+ Kc7 36.Rc5 f4 37.Ra5 f3 38.Rxa7+ Kxc6 39.h4 Rd1+ 40.Kh2 e3 
0-1

[Event "25th Hoogeveen op"]
[Site "Hoogeveen NED"]
[Date "2022.10.18"]
[Round "4.5"]
[White "Romanov, Evgeny"]
[Black "Kulkarni, Bhakti"]
[Result "1-0"]
[WhiteElo "2593"]
[BlackElo "2376"]
[EventDate "2022.10.15"]
[PlyCount "73"]

1.e4 e5 2.Nf3 Nc6 3.d4 exd4 4.Nxd4 Bc5 5.Nxc6 Qf6 6.Qf3 bxc6 7.Nd2 Qxf3 8.
gxf3 d5 9.Nb3 Bd6 10.Nd4 Nf6 11.exd5 Nxd5 12.Bd2 Bd7 13.O-O-O O-O-O 14.
Ba6+ Kb8 15.a3 Rhe8 16.c4 Ne7 17.Nb3 Ng6 18.Na5 Ne5 19.Be3 Bc8 20.f4 Ng4 
21.Nxc6+ Ka8 22.Nxd8 Bxa6 23.Nxf7 Be7 24.Ne5 Nxe5 25.fxe5 Bxc4 26.Rhg1 g6 
27.f4 Be6 28.Rd3 Kb7 29.Rc3 Rf8 30.Rd1 a6 31.b4 Rf5 32.Rd2 c6 33.Bc5 Bxc5 
34.bxc5 Bd5 35.Rh3 Rxf4 36.Rxh7+ Kc8 37.Re2 1-0

[Event "25th Hoogeveen op"]
[Site "Hoogeveen NED"]
[Date "2022.10.18"]
[Round "4.6"]
[White "Ernst, Sipke"]
[Black "Weihrauch, Jakob"]
[Result "0-1"]
[WhiteElo "2532"]
[BlackElo "2075"]
[EventDate "2022.10.15"]
[PlyCount "86"]

1.e4 c5 2.Nf3 d6 3.Bb5+ Nd7 4.c4 e6 5.Nc3 a6 6.Ba4 Nf6 7.O-O Be7 8.d4 cxd4
9.Nxd4 O-O 10.Kh1 Qc7 11.Qe2 Ne5 12.Bb3 Nc6 13.Nxc6 bxc6 14.f4 Nd7 15.Bc2 
Bb7 16.Be3 f5 17.exf5 exf5 18.Bg1 Rae8 19.Rfe1 g6 20.Rad1 Nf6 21.Qd2 Rf7 
22.Bd4 Bf8 23.Rxe8 Nxe8 24.b4 Bg7 25.Bxg7 Rxg7 26.b5 Re7 27.Bb3 Kg7 28.h3 
axb5 29.cxb5 Nf6 30.Kh2 cxb5 31.Nxb5 Qc6 32.a4 Re3 33.Nd4 Qe4 34.Qf2 Nh5 
35.Ne6+ Kh6 36.Ng5 Qxf4+ 37.Qxf4 Nxf4 38.Nf7+ Kg7 39.Bc4 Bxg2 40.Rxd6 
Rxh3+ 41.Kg1 Ra3 42.Ra6 h5 43.Ne5 Be4 0-1

[Event "25th Hoogeveen op"]
[Site "Hoogeveen NED"]
[Date "2022.10.18"]
[Round "4.7"]
[White "Fernandez, Daniel Howard"]
[Black "Holinka, Henning"]
[Result "1-0"]
[WhiteElo "2476"]
[BlackElo "2245"]
[EventDate "2022.10.15"]
[PlyCount "49"]

1.e4 c5 2.Nc3 d6 3.f4 g6 4.Bb5+ Bd7 5.a4 Bg7 6.Nf3 e6 7.f5 gxf5 8.exf5 e5 
9.d3 Nc6 10.O-O Nce7 11.f6 Nxf6 12.Nh4 a6 13.Bxd7+ Qxd7 14.Bg5 Qe6 15.Qf3 
Nfd5 16.Nxd5 Nxd5 17.Nf5 Bf8 18.c4 Nc7 19.Qxb7 Rc8 20.d4 Rg8 21.dxe5 dxe5 
22.Rae1 Rxg5 23.Rxe5 Kd7 24.Rxe6 fxe6 25.Rd1+ 1-0

[Event "25th Hoogeveen op"]
[Site "Hoogeveen NED"]
[Date "2022.10.18"]
[Round "4.8"]
[White "Ashwath, R."]
[Black "De Winter, Arthur"]
[Result "1-0"]
[WhiteElo "2340"]
[BlackElo "2390"]
[EventDate "2022.10.15"]
[PlyCount "47"]

1.d4 Nf6 2.c4 g6 3.h4 Bg7 4.Nc3 d6 5.e4 Nc6 6.d5 Ne5 7.Be2 h5 8.Nf3 Nxf3+ 
9.gxf3 c6 10.Be3 O-O 11.Qd2 cxd5 12.cxd5 a6 13.a4 e6 14.Bc4 exd5 15.Bxd5 
Nxd5 16.Nxd5 Kh7 17.Bb6 Qd7 18.Bd4 Rb8 19.Bxg7 Kxg7 20.Qd4+ Kh6 21.Qe3+ 
Kg7 22.Qd4+ Kh6 23.Qe3+ Kg7 24.Qa7 1-0

[Event "25th Hoogeveen op"]
[Site "Hoogeveen NED"]
[Date "2022.10.18"]
[Round "4.9"]
[White "Maatman, Nick"]
[Black "Hoffman, Ron"]
[Result "1-0"]
[WhiteElo "2341"]
[BlackElo "1988"]
[EventDate "2022.10.15"]
[PlyCount "73"]

1.d4 g6 2.Nf3 Bg7 3.c4 d6 4.Nc3 e5 5.e3 Nh6 6.Be2 O-O 7.dxe5 dxe5 8.Qxd8 
Rxd8 9.Nd5 Na6 10.e4 c6 11.Ne7+ Kf8 12.Nxc8 Raxc8 13.Be3 b6 14.O-O f6 15.
Ne1 Ke8 16.Nd3 Bf8 17.b4 Nf7 18.c5 bxc5 19.bxc5 Bh6 20.Nxe5 fxe5 21.Bxa6 
Bxe3 22.Bxc8 Bd4 23.Bb7 Bxa1 24.Bxc6+ Ke7 25.Rxa1 Rc8 26.Bd5 Rxc5 27.Rb1 
Nd6 28.h4 h6 29.f3 Rc8 30.Rb4 Kd7 31.Ra4 Rc7 32.Ra6 Ke7 33.Kh2 Rd7 34.Bb3 
Rc7 35.Kg3 Kd7 36.Ra5 Nb7 37.Rxa7 1-0

[Event "25th Hoogeveen op"]
[Site "Hoogeveen NED"]
[Date "2022.10.18"]
[Round "4.10"]
[White "Klaren, Oscar"]
[Black "Beerdsen, Thomas"]
[Result "0-1"]
[WhiteElo "2003"]
[BlackElo "2521"]
[EventDate "2022.10.15"]
[PlyCount "126"]

1.e4 c5 2.Nf3 d6 3.Bb5+ Nd7 4.c3 Nf6 5.Qe2 a6 6.Ba4 b5 7.Bc2 Bb7 8.O-O g6 
9.d4 Bg7 10.Rd1 cxd4 11.cxd4 O-O 12.Nbd2 Qc7 13.Nf1 Rac8 14.Bd3 e5 15.dxe5
dxe5 16.Bd2 Nc5 17.Rac1 Qb8 18.Rxc5 Rxc5 19.Bb4 Qc7 20.Bxc5 Qxc5 21.N1d2 
Qb4 22.Rb1 Rd8 23.a3 Qd6 24.Bc2 Nd7 25.Rd1 Qc7 26.Nb3 Rc8 27.Bb1 Nf8 28.h3
Ne6 29.Qe3 Bf8 30.Ba2 Qc2 31.Rd2 Qxe4 32.Qxe4 Bxe4 33.Nxe5 Bg7 34.Ng4 h5 
35.Ne3 Bh6 36.Rd7 Bg7 37.Rd2 Nf4 38.f3 Ba8 39.Kf2 Bh6 40.Rd7 Bc6 41.Rd6 
Re8 42.Na5 Ba8 43.Rd7 Nxh3+ 44.gxh3 Bxe3+ 45.Kg2 Rf8 46.Nb7 Bxb7 47.Rxb7 
Kg7 48.Re7 Bd4 49.Rb7 Kh6 50.a4 Re8 51.axb5 Re2+ 52.Kf1 Rxb2 53.Bc4 axb5 
54.Rxb5 Rf2+ 55.Ke1 Rxf3 56.Bf1 f6 57.Rd5 Be5 58.Ke2 Rf4 59.Bg2 Kg5 60.Rd3
Kh4 61.Bd5 g5 62.Be6 Bd4 63.Bd7 g4 0-1

[Event "25th Hoogeveen op"]
[Site "Hoogeveen NED"]
[Date "2022.10.18"]
[Round "4.11"]
[White "Van den Berg, Bram"]
[Black "Klaren, Duncan"]
[Result "1-0"]
[WhiteElo "2190"]
[BlackElo "2009"]
[EventDate "2022.10.15"]
[PlyCount "57"]

1.e4 c5 2.c3 Nf6 3.e5 Nd5 4.d4 cxd4 5.Nf3 d6 6.exd6 e6 7.cxd4 Bxd6 8.Nc3 
O-O 9.Nxd5 exd5 10.Be2 Bf5 11.O-O Re8 12.Be3 Nc6 13.Bd3 Be4 14.Rc1 h6 15.
g3 Qf6 16.Bxe4 dxe4 17.Nh4 Rad8 18.Qa4 Bc7 19.Rfd1 g5 20.Ng2 Bb6 21.d5 Ne5
22.Bxb6 axb6 23.Ne3 h5 24.Rc2 Re7 25.d6 Nf3+ 26.Kg2 Rxd6 27.Rxd6 Qxd6 28.
Nf5 b5 29.Qa8+ 1-0

[Event "25th Hoogeveen op"]
[Site "Hoogeveen NED"]
[Date "2022.10.18"]
[Round "4.12"]
[White "Mensing, Adrian"]
[Black "Mueer, Sebastian"]
[Result "0-1"]
[WhiteElo "2000"]
[BlackElo "2177"]
[EventDate "2022.10.15"]
[PlyCount "94"]

1.d4 Nf6 2.c4 g6 3.g3 Bg7 4.Bg2 d6 5.Nc3 O-O 6.Nf3 Nc6 7.O-O e5 8.dxe5 
Nxe5 9.Nxe5 dxe5 10.Bg5 Qxd1 11.Raxd1 c6 12.Rd2 Be6 13.b3 h6 14.Bxf6 Bxf6 
15.Ne4 Be7 16.Rfd1 Bb4 17.Rd3 f5 18.Bh3 Kf7 19.Nd6+ Ke7 20.Nxb7 e4 21.Re3 
a5 22.f3 Ra7 23.fxe4 Rxb7 24.Rf3 Bc5+ 25.Kh1 Rd7 26.Rdf1 Rd2 27.exf5 gxf5 
28.Bxf5 Rxe2 29.g4 Rd8 30.Bxe6 Rdd2 31.Rh3 Rxe6 32.Rh5 Be3 33.Rhf5 Bg5 34.
R1f2 Rxf2 35.Rxf2 Rd6 36.Re2+ Kd7 37.Re1 Rd2 38.a3 Rb2 39.Rd1+ Ke6 40.Rd3 
Ke5 41.h3 Ke4 42.Rd6 Kf3 43.Rd3+ Be3 44.h4 Kf2 45.g5 Rb1+ 46.Kh2 Bf4+ 47.
Kh3 h5 0-1

[Event "25th Hoogeveen op"]
[Site "Hoogeveen NED"]
[Date "2022.10.18"]
[Round "4.13"]
[White "Duchene, Rene"]
[Black "Sevcikova, Lucia"]
[Result "1/2-1/2"]
[WhiteElo "2170"]
[BlackElo "1931"]
[EventDate "2022.10.15"]
[PlyCount "44"]

1.Nf3 d5 2.e3 Nf6 3.c4 c6 4.Nc3 Bf5 5.cxd5 cxd5 6.Qb3 Bc8 7.d4 e6 8.Bd3 
Nc6 9.O-O Be7 10.Ne5 Nxe5 11.dxe5 Nd7 12.f4 Nc5 13.Qd1 Nxd3 14.Qxd3 O-O 
15.b3 b6 16.Rf3 a5 17.Rh3 g6 18.Bb2 Ba6 19.Qd2 Rc8 20.Ne2 Bb4 21.Qd1 Bxe2 
22.Qxe2 Bc3 1/2-1/2

[Event "25th Hoogeveen op"]
[Site "Hoogeveen NED"]
[Date "2022.10.18"]
[Round "4.14"]
[White "Hari, Charan Sai Kalluri"]
[Black "Cornelisse, John"]
[Result "0-1"]
[WhiteElo "1981"]
[BlackElo "2160"]
[EventDate "2022.10.15"]
[PlyCount "92"]

1.d4 Nf6 2.Nf3 d5 3.c4 e6 4.g3 Be7 5.Bg2 O-O 6.O-O dxc4 7.Qc2 a6 8.a4 Nbd7
9.Nbd2 b6 10.Ne5 Nxe5 11.dxe5 Nd5 12.Qxc4 b5 13.Qg4 f5 14.exf6 Nxf6 15.Qf3
Rb8 16.e4 e5 17.Qc3 Bd6 18.f4 Qe7 19.f5 bxa4 20.Qf3 Bd7 21.g4 Bb5 22.g5 
Bc5+ 23.Kh1 Bxf1 24.Nxf1 Nd7 25.Rxa4 Bd4 26.Rxa6 Nc5 27.Ra3 Bxb2 28.Bxb2 
Rxb2 29.Qe3 Rfb8 30.Rc3 Nb3 31.h4 Nd4 32.Qc1 c6 33.Rg3 Ne2 34.Qxc6 Nxg3+ 
35.Nxg3 Qa7 36.Qe6+ Kh8 37.f6 gxf6 38.Qxf6+ Qg7 39.Qe6 R2b6 40.Qd5 Qc7 41.
Kh2 Qd6 42.Qxd6 Rxd6 43.Kh3 Rd2 44.Bf1 Rb3 45.h5 Rf2 46.Bg2 Rc2 0-1

[Event "25th Hoogeveen op"]
[Site "Hoogeveen NED"]
[Date "2022.10.18"]
[Round "4.15"]
[White "Goeke, Bernd"]
[Black "Mellema, Andries"]
[Result "0-1"]
[WhiteElo "1957"]
[BlackElo "2155"]
[EventDate "2022.10.15"]
[PlyCount "82"]

1.Nf3 Nf6 2.c4 e6 3.Nc3 Bb4 4.Qc2 b6 5.a3 Bxc3 6.Qxc3 Bb7 7.b4 O-O 8.Bb2 
d6 9.e3 Nbd7 10.Be2 c5 11.O-O Rc8 12.d4 d5 13.dxc5 bxc5 14.b5 Nb6 15.a4 a5
16.Rfd1 Qc7 17.Qxa5 Ra8 18.Be5 Qd8 19.Qc3 Nxa4 20.Qc2 Nb6 21.cxd5 Bxd5 22.
Ng5 Nbd7 23.Bxf6 Nxf6 24.e4 Rxa1 25.Rxa1 Bb7 26.Qxc5 h6 27.Rd1 Qb8 28.e5 
Nd5 29.Nf3 Rc8 30.Qd4 Nc3 31.Re1 Nxe2+ 32.Rxe2 Bxf3 33.gxf3 Qxb5 34.Re1 
Qb3 35.Kg2 Qc2 36.h3 Rc4 37.Qe3 Qg6+ 38.Kh2 Rh4 39.Ra1 Qf5 40.Ra8+ Kh7 41.
f4 Rxf4 0-1

[Event "25th Hoogeveen op"]
[Site "Hoogeveen NED"]
[Date "2022.10.18"]
[Round "4.16"]
[White "Heemskerk, Wim"]
[Black "Reulink, Fred"]
[Result "1-0"]
[WhiteElo "2142"]
[BlackElo "1983"]
[EventDate "2022.10.15"]
[PlyCount "35"]

1.Nf3 b6 2.g3 Bb7 3.Bg2 e6 4.c4 g6 5.Nc3 Bg7 6.d4 d6 7.O-O Nd7 8.e4 Ne7 9.
Be3 a6 10.h3 h6 11.Qd2 f5 12.exf5 Nxf5 13.Ng5 hxg5 14.Bxb7 Rxh3 15.Bxg5 
Bf6 16.Ne4 Kf7 17.Bxf6 Nxf6 18.Ng5+ 1-0

[Event "25th Hoogeveen op"]
[Site "Hoogeveen NED"]
[Date "2022.10.18"]
[Round "4.17"]
[White "Boersma, Jan"]
[Black "Asatryan, Sona"]
[Result "0-1"]
[WhiteElo "1930"]
[BlackElo "2088"]
[EventDate "2022.10.15"]
[PlyCount "100"]

1.e4 c6 2.c4 d5 3.exd5 cxd5 4.d4 Nf6 5.Nc3 e6 6.Nf3 Bb4 7.Bd3 Nc6 8.O-O 
O-O 9.Bg5 dxc4 10.Bxc4 h6 11.Bh4 Be7 12.Rc1 b6 13.a3 Bb7 14.Ba2 Rc8 15.Qd3
Nd5 16.Nxd5 Bxh4 17.Bb1 f5 18.Nf4 Qf6 19.Nxh4 g5 20.Nxe6 gxh4 21.Nxf8 Rxf8
22.Ba2+ Kh8 23.d5 Ne5 24.Qh3 Ba6 25.Rfe1 Nd3 26.Rc6 Qg5 27.Ree6 Nf4 28.
Rxh6+ Kg8 29.Qf3 Re8 30.h3 Be2 31.d6+ Kg7 32.d7 Bxf3 33.dxe8=N+ Kf8 34.
Rh8+ Ke7 35.Rc7+ Kd8 36.Rg7 Nxh3+ 37.Kh2 Qf4+ 38.g3 hxg3+ 39.Rxg3 Nxf2 40.
Ng7+ Kd7 41.Be6+ Kc6 42.Nxf5 Nh1 43.Rc8+ Kb7 44.Rc4 Qd2+ 45.Kh3 Nxg3 46.
Kxg3 b5 47.Rd4 Qg2+ 48.Kf4 Bc6 49.b3 Qa2 50.a4 bxa4 0-1

[Event "25th Hoogeveen op"]
[Site "Hoogeveen NED"]
[Date "2022.10.18"]
[Round "4.18"]
[White "Clemens, Adrian"]
[Black "Bloem, Mark"]
[Result "1-0"]
[WhiteElo "2082"]
[BlackElo "1917"]
[EventDate "2022.10.15"]
[PlyCount "77"]

1.d4 Nf6 2.c4 c5 3.d5 e6 4.Nc3 exd5 5.cxd5 d6 6.e4 g6 7.h3 Bg7 8.Nf3 O-O 
9.Be3 Na6 10.Be2 Re8 11.Nd2 Bd7 12.O-O Rb8 13.Bf4 Bf8 14.a4 Nb4 15.Re1 b6 
16.Bf1 a6 17.Nc4 Bxa4 18.Nxa4 b5 19.Nc3 bxc4 20.Bxc4 Nd7 21.Bg3 Qc7 22.f4 
Bg7 23.Qd2 Nb6 24.Bf1 Qb7 25.Rad1 Bd4+ 26.Bf2 Bxf2+ 27.Qxf2 Rbd8 28.Rd2 
Rd7 29.e5 dxe5 30.Ne4 N4xd5 31.Nxc5 Qc6 32.Nxd7 Nxd7 33.fxe5 N5b6 34.Qd4 
Qe6 35.Ra1 Qxe5 36.Qxe5 Nxe5 37.Rxa6 Nec4 38.Rd4 Re1 39.Kf2 1-0

[Event "25th Hoogeveen op"]
[Site "Hoogeveen NED"]
[Date "2022.10.18"]
[Round "4.19"]
[White "Avis, Fred"]
[Black "Fuhrmann, Bahne"]
[Result "0-1"]
[WhiteElo "1759"]
[BlackElo "2063"]
[EventDate "2022.10.15"]
[PlyCount "66"]

1.d4 Nf6 2.Bg5 Ne4 3.Bf4 c5 4.f3 Qa5+ 5.c3 Nf6 6.Nd2 cxd4 7.Nc4 Qd8 8.cxd4
Nh5 9.Bxb8 Rxb8 10.e3 b5 11.Nd2 e5 12.g3 exd4 13.exd4 Qb6 14.Ne2 Be7 15.
Bg2 O-O 16.O-O Nf6 17.Rc1 Bb7 18.Ne4 Rfe8 19.Nc5 d6 20.Nxb7 Rxb7 21.Qd3 
Bf8 22.Nc3 Rbe7 23.Kh1 a6 24.Ne4 d5 25.Nc5 Re3 26.Qf5 g6 27.Qh3 Qa5 28.Qh4
Bg7 29.g4 Qd2 30.Nxa6 Qxb2 31.Qg3 Ne4 32.Qf4 Nf2+ 33.Kg1 Nd3 0-1

[Event "25th Hoogeveen op"]
[Site "Hoogeveen NED"]
[Date "2022.10.18"]
[Round "4.20"]
[White "Brouwer, Tim"]
[Black "Markus, John Raymond"]
[Result "1/2-1/2"]
[WhiteElo "1443"]
[BlackElo "2059"]
[EventDate "2022.10.15"]
[PlyCount "48"]

1.e4 d6 2.d4 g6 3.Bc4 e6 4.Be3 a6 5.Nf3 Bg7 6.Nbd2 b5 7.Bb3 Bb7 8.c3 Nd7 
9.a4 Ngf6 10.axb5 axb5 11.Bc2 O-O 12.O-O Rxa1 13.Qxa1 Qa8 14.Bd3 c6 15.Nb3
e5 16.dxe5 dxe5 17.Nc5 Nxc5 18.Bxc5 Re8 19.Qxa8 Rxa8 20.Nxe5 Nxe4 21.Bxe4 
Bxe5 22.g3 f5 23.Bc2 Bf6 24.Rd1 Rd8 1/2-1/2

[Event "25th Hoogeveen op"]
[Site "Hoogeveen NED"]
[Date "2022.10.18"]
[Round "4.21"]
[White "Ismail, Tamer"]
[Black "Kazarjan, Gachatur"]
[Result "1-0"]
[WhiteElo "2018"]
[BlackElo "1746"]
[EventDate "2022.10.15"]
[PlyCount "49"]

1.d4 d5 2.c4 e5 3.dxe5 d4 4.Nf3 Nc6 5.Nbd2 Bg4 6.g3 Bb4 7.a3 Bxd2+ 8.Bxd2 
Bxf3 9.exf3 Nxe5 10.f4 Nc6 11.Bd3 Qd7 12.O-O h5 13.Re1+ Kf8 14.h4 Nf6 15.
Kg2 g6 16.Qf3 Kg7 17.b4 Rae8 18.b5 Nd8 19.f5 Ng4 20.Qf4 b6 21.Rad1 c5 22.
f3 Nf6 23.Qg5 Ng8 24.Rxe8 Qxe8 25.Re1 1-0

[Event "25th Hoogeveen op"]
[Site "Hoogeveen NED"]
[Date "2022.10.18"]
[Round "4.22"]
[White "Janse, Jan Jaap"]
[Black "Bollaart, Jeroen"]
[Result "1-0"]
[WhiteElo "2159"]
[BlackElo "1937"]
[EventDate "2022.10.15"]
[PlyCount "81"]

1.Nf3 g6 2.e4 Bg7 3.h4 h5 4.d4 d6 5.Bc4 Bg4 6.c3 Bxf3 7.Qxf3 e6 8.Bg5 Qd7 
9.Nd2 Nc6 10.Bb5 a6 11.Ba4 b5 12.Bc2 Nge7 13.e5 O-O 14.Be4 d5 15.Bd3 Bxe5 
16.dxe5 Nxe5 17.Qg3 Nxd3+ 18.Qxd3 f6 19.Be3 Rfd8 20.O-O-O Qc6 21.Kb1 e5 
22.f3 Rab8 23.g4 b4 24.Rc1 hxg4 25.cxb4 Qd7 26.Bc5 Nf5 27.fxg4 e4 28.Nxe4 
dxe4 29.Qxd7 Rxd7 30.gxf5 gxf5 31.Rhf1 Rd5 32.Be7 Kf7 33.Rxc7 Ke6 34.Bc5 
Re8 35.Kc2 Ke5 36.Be3 Rg8 37.Rc5 Rxc5+ 38.bxc5 Rg4 39.h5 Rh4 40.h6 Rh3 41.
Kd2 1-0

[Event "25th Hoogeveen op"]
[Site "Hoogeveen NED"]
[Date "2022.10.18"]
[Round "4.23"]
[White "Pouw, Marcel"]
[Black "Vogel, Jaap"]
[Result "0-1"]
[WhiteElo "1862"]
[BlackElo "2124"]
[EventDate "2022.10.15"]
[PlyCount "58"]

1.d4 d5 2.Nf3 e6 3.g3 b5 4.Bg2 Nf6 5.a4 b4 6.c4 bxc3 7.bxc3 Nbd7 8.O-O Ba6
9.Re1 c5 10.a5 Rc8 11.Nbd2 cxd4 12.cxd4 Bb4 13.Qa4 Bd6 14.Ne5 O-O 15.f4 
Qc7 16.e4 dxe4 17.Nxe4 Nxe4 18.Bxe4 Nf6 19.Bg2 Bb7 20.Bxb7 Qxb7 21.Ba3 
Bxa3 22.Rxa3 Rfd8 23.Rb3 Qd5 24.Rb4 h5 25.a6 h4 26.Rb7 h3 27.Rb2 Rc3 28.
Qd1 Rdc8 29.Rd2 Ne4 0-1

[Event "25th Hoogeveen op"]
[Site "Hoogeveen NED"]
[Date "2022.10.18"]
[Round "4.24"]
[White "Van Foreest, Machteld"]
[Black "Van der Vegt, Seth"]
[Result "1-0"]
[WhiteElo "2118"]
[BlackElo "1900"]
[EventDate "2022.10.15"]
[PlyCount "57"]

1.e4 e6 2.Qe2 c5 3.Nf3 a6 4.a4 b6 5.g3 Bb7 6.Bg2 d6 7.O-O Nd7 8.d3 Be7 9.
Nbd2 Qc7 10.Re1 Bf6 11.Nc4 Ne5 12.Nfxe5 dxe5 13.f4 exf4 14.e5 Be7 15.Bxf4 
Bxg2 16.Qxg2 Rd8 17.Qf3 g5 18.Nd6+ Kd7 19.Bd2 Rf8 20.Nc4 Qc6 21.Re4 h5 22.
b4 Nh6 23.b5 Qc7 24.a5 bxa5 25.Bxa5 Qb7 26.Rd4+ Kc8 27.Nb6+ Kb8 28.Qxb7+ 
Kxb7 29.Rd7+ 1-0

[Event "25th Hoogeveen op"]
[Site "Hoogeveen NED"]
[Date "2022.10.18"]
[Round "4.25"]
[White "Wage, Sander"]
[Black "Arabi, Osama"]
[Result "1/2-1/2"]
[WhiteElo "1863"]
[BlackElo "2117"]
[EventDate "2022.10.15"]
[PlyCount "82"]

1.Nf3 d5 2.g3 Nf6 3.Bg2 c6 4.O-O Nbd7 5.d3 g6 6.Nbd2 Bg7 7.e4 O-O 8.Re1 
dxe4 9.dxe4 Qc7 10.c3 Rd8 11.Qc2 h6 12.e5 Ng4 13.e6 Nc5 14.exf7+ Kxf7 15.
Nh4 Nd3 16.Qb3+ e6 17.Re2 Bf6 18.Nhf3 Qb6 19.Qxb6 axb6 20.Nc4 Nxc1 21.Rxc1
h5 22.h3 Nh6 23.Nxb6 Rxa2 24.Rce1 Bd7 25.Rd1 Be8 26.Rxd8 Bxd8 27.Nc4 Bf6 
28.Nd6+ Ke7 29.Ne4 Bg7 30.Nfg5 b6 31.Bf3 c5 32.Nd2 Rxb2 33.Rxe6+ Kd8 34.
Nc4 Rb1+ 35.Kg2 Bxc3 36.Nxb6 Bd4 37.Nd5 Nf5 38.Ra6 Ra1 39.Rb6 Ra2 40.Rb8+ 
Kd7 41.Rb7+ Kd6 1/2-1/2

[Event "25th Hoogeveen op"]
[Site "Hoogeveen NED"]
[Date "2022.10.18"]
[Round "4.26"]
[White "Slagboom, Leandro"]
[Black "Zecha, Oscar"]
[Result "1-0"]
[WhiteElo "2117"]
[BlackElo "1854"]
[EventDate "2022.10.15"]
[PlyCount "83"]

1.e4 e5 2.Nf3 Nc6 3.d4 exd4 4.Nxd4 Bc5 5.Nb3 Bb6 6.Nc3 Nf6 7.Qe2 O-O 8.Bg5
Nd4 9.Qd2 Nxb3 10.axb3 h6 11.Be3 Bxe3 12.Qxe3 Re8 13.O-O-O Qe7 14.f3 c6 
15.Qd4 b5 16.Bd3 a5 17.Rhe1 Nh7 18.e5 Nf8 19.f4 a4 20.b4 a3 21.bxa3 Rxa3 
22.Kb2 Ra6 23.f5 Bb7 24.Re2 Rea8 25.Ne4 Ra2+ 26.Kc3 R8a4 27.Nc5 R4a3+ 28.
Kd2 Qg5+ 29.Ke1 Bc8 30.Kf2 Qh5 31.h4 g5 32.Rh1 g4 33.g3 Ra7 34.Kg2 d6 35.
Ne4 Nh7 36.Nxd6 Bd7 37.e6 fxe6 38.fxe6 c5 39.exd7 cxd4 40.d8=Q+ Nf8 41.Rf1
Ra8 42.Rxf8+ 1-0

[Event "25th Hoogeveen op"]
[Site "Hoogeveen NED"]
[Date "2022.10.18"]
[Round "4.27"]
[White "Valiente, Paulo"]
[Black "Kotyk, Michael"]
[Result "0-1"]
[WhiteElo "1819"]
[BlackElo "2105"]
[EventDate "2022.10.15"]
[PlyCount "64"]

1.d4 d5 2.c4 e6 3.Nc3 Nf6 4.Nf3 dxc4 5.Bg5 a6 6.e4 b5 7.e5 h6 8.Bh4 g5 9.
Bg3 Nd5 10.h4 g4 11.Nd2 h5 12.Nde4 Be7 13.Qd2 Bb7 14.f3 gxf3 15.gxf3 Rg8 
16.Bf2 c5 17.dxc5 Nxc3 18.Qxc3 Bxe4 19.fxe4 Qc7 20.O-O-O Nd7 21.Qf3 Rg4 
22.Rxd7 Qxd7 23.Be2 Qc6 24.Qh3 Qxe4 25.Bxg4 hxg4 26.Qh2 Bf8 27.Be1 g3 28.
Qg1 O-O-O 29.b3 Qe2 30.Bxg3 Bh6+ 31.Kb1 c3 32.Qh2 Rd1+ 0-1

[Event "25th Hoogeveen op"]
[Site "Hoogeveen NED"]
[Date "2022.10.18"]
[Round "4.28"]
[White "Dehn, Marcus"]
[Black "Bommel, Peter"]
[Result "1-0"]
[WhiteElo "2098"]
[BlackElo "1550"]
[EventDate "2022.10.15"]
[PlyCount "59"]

1.d4 c5 2.e3 d5 3.c3 cxd4 4.exd4 Nc6 5.Bd3 e5 6.dxe5 Nxe5 7.Bb5+ Nc6 8.
Qe2+ Be7 9.Nf3 Bg4 10.h3 Bh5 11.g4 Bg6 12.Ne5 Rc8 13.Bf4 Nf6 14.Nxc6 bxc6 
15.Ba6 O-O 16.Bxc8 Qxc8 17.O-O Re8 18.Qd1 h5 19.f3 Bc5+ 20.Kh1 hxg4 21.
hxg4 Nxg4 22.fxg4 Be4+ 23.Kh2 Qd8 24.g5 g6 25.Nd2 Bf5 26.Re1 Kg7 27.Rxe8 
Qxe8 28.Kg3 Be3 29.Bxe3 Qxe3+ 30.Nf3 1-0

[Event "25th Hoogeveen op"]
[Site "Hoogeveen NED"]
[Date "2022.10.18"]
[Round "4.29"]
[White "Warnk, Torsten"]
[Black "Van der Hagen, Loek"]
[Result "0-1"]
[WhiteElo "1709"]
[BlackElo "2079"]
[EventDate "2022.10.15"]
[PlyCount "66"]

1.d4 Nf6 2.Nf3 g6 3.c4 Bg7 4.Bf4 c5 5.e3 Qb6 6.Qb3 Qxb3 7.axb3 Nc6 8.d5 
Nb4 9.Na3 d6 10.e4 Nxe4 11.Bc1 O-O 12.Nd2 Bf5 13.f3 Nxd2 14.Kxd2 h5 15.Be2
a6 16.Re1 e6 17.g4 hxg4 18.fxg4 Be4 19.dxe6 fxe6 20.g5 Rf2 21.h3 Raf8 22.
Kd1 R8f3 23.Bd2 Bxb2 24.Bxb4 cxb4 25.Nb5 Bxa1 26.Nxd6 Re3 27.Nxe4 Rxe4 28.
Bg4 Rxe1+ 29.Kxe1 Rb2 30.Bxe6+ Kg7 31.c5 Rc2 32.Bd5 Rxc5 33.Bxb7 a5 0-1

[Event "25th Hoogeveen op"]
[Site "Hoogeveen NED"]
[Date "2022.10.18"]
[Round "4.30"]
[White "Labruyere, Roger"]
[Black "Niemeijer, Leon"]
[Result "1-0"]
[WhiteElo "2063"]
[BlackElo "1841"]
[EventDate "2022.10.15"]
[PlyCount "87"]

1.d4 Nf6 2.c4 g6 3.Nc3 Bg7 4.e4 d6 5.Be2 O-O 6.Be3 e5 7.d5 a5 8.g4 Na6 9.
h4 Nc5 10.f3 h5 11.g5 Nfd7 12.Nh3 Nb6 13.Kf1 Nbd7 14.Kg2 b6 15.b3 Bb7 16.
a3 Na6 17.Qc2 Re8 18.Nf2 Qe7 19.Nd3 Ndc5 20.Rhb1 Nxd3 21.Bxd3 Nc5 22.Bf1 
Bc8 23.b4 Nb7 24.Kh2 f5 25.Bh3 f4 26.Bxc8 Rexc8 27.Bg1 Bf8 28.Qg2 Qd7 29.
Qh3 Qxh3+ 30.Kxh3 Kf7 31.Nd1 a4 32.Nb2 Be7 33.Nd3 Rf8 34.Ra2 Kg8 35.Rc2 
Rfb8 36.Rbc1 Kf8 37.c5 bxc5 38.bxc5 Ra5 39.Rb1 Raa8 40.Rcb2 dxc5 41.Nxe5 
Nd6 42.Rxb8+ Rxb8 43.Rxb8+ Kg7 44.Bxc5 1-0